Normal view
MARC view
- OLAP TECHNOLOGY
Entry Topical Term
001 - CONTROL NUMBER
- control field: 1190
003 - CONTROL NUMBER IDENTIFIER
- control field: JO-AjAnu
005 - DATE AND TIME OF LATEST TRANSACTION
- control field: 20230606070511.0
008 - FIXED-LENGTH DATA ELEMENTS
- fixed length control field: 230606|| aca||aabn | a|a d
040 ## - CATALOGING SOURCE
- Original cataloging agency: JO-AjAnu
- Transcribing agency: JO-AjAnu
150 ## - HEADING--TOPICAL TERM
- Topical term or geographic name entry element: OLAP TECHNOLOGY
670 ## - SOURCE DATA FOUND
- Source citation: Work cat.: (JO-AjAnu)626: Train,Olap/Jacobson,Reed, author 1189, Step by step Microsoft SQLServer2000Analysis Services